Direito civil : (Record no. 692)

MARC details
000 -LÍDER
Campo Fixo de Controle 00828nam a2200277 a 4500
001 - NÚMERO DE CONTROLE
Campo de Controle 692
003 - IDENTIFICAÇÃO DO NÚMERO DE CONTROLE
Campo de Controle BR-CuiBMT
005 - DATA E HORA DA ÚLTIMA ATUALIZAÇÃO
Campo de Controle 20231129144839.0
008 - DADOS FIXOS
Dados Fixos 231113s2014 spba 001 0 por d
020 ## - INTERNATIONAL STANDARD BOOK NUMBER
Nº do ISBN 9788502214101
040 ## - AGÊNCIA CATALOGADORA
Código da Agência Catalogadora BR-CuiBMT
Agência que transcreveu o registro BR-CuiBMT
080 ## - Nº DA CLASSIFICAÇÃO DECIMAL UNIVERSAL
Nº edição CDU 2007
Nº Class. CDU 347
090 ## - NÚMERO DE CHAMADA
Nº classificação 347
Cutter G635d
Ano/Edição 21. ed.
100 1# - ENTRADA PRINCIPAL -- AUTOR PESSOAL
Nome pessoal Gonçalves, Carlos Roberto,
Datas associadas ao nome 1938-
245 ## - TÍTULO PRINCIPAL
Título principal Direito civil :
Subtítulo parte geral /
Indicação de responsabilidade Carlos Roberto Gonçalves.
250 ## - EDIÇÃO
Edição 21. ed.
260 ## - PUBLICAÇÃO, DISTRIBUIÇÃO, ETC.
Local de publicação São Paulo :
Editora Saraiva,
Data 2014.
300 ## - DESCRIÇÃO FÍSICA
N. páginas ou volumes 225 p. :
Ilustrações il. ;
Dimensões 21 cm
490 1# - INDICAÇÃO DE SÉRIE
Título da série Sinopses jurídicas ;
Volume/designação sequencial da série v. 1
504 ## - NOTA DE BIBLIOGRAFIA, ETC.
Nota de bibliografia Inclui bibliografia.
650 ## - ASSUNTO TÓPICO
Cabeçalho tópico ou nome geográfico Direito civil
Subdivisão geográfica Brasil
650 ## - ASSUNTO TÓPICO
Cabeçalho tópico ou nome geográfico Ato jurídico ilícito
Subdivisão geral Direito civil
650 ## - ASSUNTO TÓPICO
Cabeçalho tópico ou nome geográfico Ato jurídico lícito
Subdivisão geral Direito civil
830 #0 - ENTRADA SECUNDÁRIA DE SÉRIE -- TÍTULO UNIFORME
Título uniforme Sinopses jurídicas ;
Nº do volume/designação sequencial da série 1
942 ## - ELEMENTOS DE ENTRADA ADICIONAIS (KOHA)
Fonte de classificação ou esquema de arquivamento Classificação Decimal Universal
Tipo de item do Koha Livros
Holdings
Estado: removido Estado: perdido Fonte de classificação ou esquema de arquivamento Estado: danificado Indisponível para empréstimo Localização permanente Localização atual Data de aquisição Total Checkouts Número de Chamada completo Código de barras Date last seen Número do exemplar Preço efetivo a partir de Tipo de item (Koha)
    Classificação Decimal Universal     Biblioteca da Escola Superior de Contas do TCE/MT Biblioteca da Escola Superior de Contas do TCE/MT 13/11/2023   347 G635d BIBTCEMT23110540 13/11/2023 Ex. 1 13/11/2023 Livros

Powered by Koha